=LDR 00000nam 2200000 4500 =001 INLIS000000000050608 =005 20200929082123 =035 ##$$a 0010-0517000261 =007 ta =008 200929################g##########0#ind## =020 ##$$a 979-497-337-8 =082 ##$$a 306 =084 ##$$a 306 SUT l =100 1#$$a Sutrisno, Mudji =245 1#$$a Langkah langkah peradaban /$c Dr. Mudji Sutrisno =260 ##$$a Yogyakarta :$b Kanisius,$c 1994 =300 ##$$a 103 hlm. ; $c 14 x 21 cm. =650 #4$$a Peradaban =250 ##$$a cet. 1 =990 ##$$a 84.226/Pro.95